LEADER 04051nam 2200697 450 001 9910450668003321 005 20200903223051.0 010 $a1-280-60557-X 010 $a9786610605576 010 $a0-19-536198-9 035 $a(CKB)1000000000414300 035 $a(EBL)430853 035 $a(OCoLC)457241984 035 $a(SSID)ssj0000310606 035 $a(PQKBManifestationID)12068040 035 $a(PQKBTitleCode)TC0000310606 035 $a(PQKBWorkID)10289615 035 $a(PQKB)11465658 035 $a(MiAaPQ)EBC430853 035 $a(Au-PeEL)EBL430853 035 $a(CaPaEBR)ebr11303556 035 $a(CaONFJC)MIL60557 035 $a(EXLCZ)991000000000414300 100 $a20161205h19911991 uy 0 101 0 $aeng 135 $aur|n|---||||| 181 $ctxt 182 $cc 183 $acr 200 00$aJews and Messianism in the modern era $emetaphor and meaning /$fedited by Jonathan Frankel 210 1$aNew York, New York ;$aOxford, [England] :$cOxford University Press,$d1991. 210 4$dİ1991 215 $a1 online resource (456 p.) 225 1 $aStudies in Contemporary Jewry,$x0740-8625 ;$v7 300 $aDescription based upon print version of record. 311 $a0-19-506690-1 327 $aContents; Symposium Jews and Messianism in the Modern Era: Metaphor and Meaning; The Messianic Idea and Zionist Ideologies; Interpreting Messianic Rhetoric in the Russian Haskalah and Early Zionism; ""Forcing the End"": Zionism and the State of Israel as Antimessianic Undertakings; A Neglected Chapter in the History of Christian Zionism in America: William E. Blackstone and the Petition of 1916; Birth Pangs of the Messiah: The Reflections of Two Polish Rabbis on Their Era; Realism and Messianism in Zionism and the Yishuv; Poetry and Messianism in Palestine Between the Two World Wars 327 $a""The Stronger and the Better Jews"": Jewish Theological Responses to Political Messianism in the Weimar RepublicReflections on Jewish Secular Messianism; The Messianism of Gush Emunim; Essays; The Yishuv and the Jews in Europe, 1938-1945; A Note on the Demographic and Economic Structure of the Jewish Community in Quito, Ecuador; The Gezerd Down Under; Review Essays; Two Halls of Ivy and a Hybrid Hothouse: The Jews of Harvard, Yale and Yeshiva Universities; The Trials and Temptations of Conversion; The Two Zions and the Exodus from Ethiopia 327 $aThe ""New Historians"" and the Establishment of IsraelVienna, the Habsburg Empire and the Jews; Book Reviews (by subject); Political and Communal History; Social Sciences, Social History and Politics; Religion, Thought and Education; Israel and Zionism; Antisemitism, Holocaust and Genocide; Language, Art and Literature 330 $aThe seventh volume of the acclaimed annual publication of the Institute of Contemporary Jewry at the Hebrew University of Jerusalem, Jews and Messianism in the Modern Era: Metaphor and Meaning examines the significance and meaning of messianic metaphors, themes, and ideals in modern Jewish history and culture. In addition to the standard symposia, book reviews, and lists of recent dissertations in Jewish studies, the volume includes contributions from such noted scholars of Jewish history as Jody Elizabeth Myerson on the messianic idea and Zionist ideologies; Aviezer Ravitsky on Zionism and th 410 0$aStudies in contemporary Jewry ;$v7. 606 $aMessianism 606 $aZionism 606 $aJews$zEurope$xHistory 606 $aJews$zMiddle East$xHistory$y20th century 606 $aJewish messianic movements 608 $aElectronic books. 615 0$aMessianism. 615 0$aZionism. 615 0$aJews$xHistory. 615 0$aJews$xHistory 615 0$aJewish messianic movements. 676 $a206.1 702 $aFrankel$b Jonathan 801 0$bMiAaPQ 801 1$bMiAaPQ 801 2$bMiAaPQ 906 $aBOOK 912 $a9910450668003321 996 $aJews and Messianism in the modern era$92070917 997 $aUNINA LEADER 04047nam 2200889 450 001 9910788053703321 005 20230807204829.0 010 $a0-520-96029-7 024 7 $a10.1525/9780520960299 035 $a(CKB)2670000000592937 035 $a(EBL)1719329 035 $a(SSID)ssj0001421334 035 $a(PQKBManifestationID)12595247 035 $a(PQKBTitleCode)TC0001421334 035 $a(PQKBWorkID)11429606 035 $a(PQKB)11606509 035 $a(MiAaPQ)EBC1719329 035 $a(DE-B1597)519214 035 $a(OCoLC)1102798142 035 $a(DE-B1597)9780520960299 035 $a(Au-PeEL)EBL1719329 035 $a(CaPaEBR)ebr11017446 035 $a(CaONFJC)MIL719679 035 $a(OCoLC)902804684 035 $a(EXLCZ)992670000000592937 100 $a20140711h20152015 uy| 0 101 0 $aeng 135 $aur|n|---||||| 181 $ctxt 182 $cc 183 $acr 200 10$aLife along the Silk Road /$fSusan Whitfield 205 $aSecond edition. 210 1$aOakland, California :$cUniversity of California Press,$d[2015] 210 4$dİ2015 215 $a1 online resource (317 p.) 300 $aDescription based upon print version of record. 311 $a0-520-28059-8 311 $a1-322-88397-1 320 $aIncludes bibliographical references and index. 327 $aPrologue: the shipmaster's tale -- The merchant's tale -- The soldier's tale -- The horseman's tale -- The princess's tale -- The courtesan's tale -- The pilgrim's tale -- The writer's tale -- The official's tale -- The nun's tale -- The widow's tale -- The artist's tale. 330 $a"In this long-awaited second edition, Susan Whitfield expands her trailblazing exploration of the Silk Road and broadens her rich and varied portrait of life along the great premodern trade routes of Eurasia. This new edition is comprehensively updated to support further understanding of themes relevant to global and comparative history. In the first 1,000 years after Christ, merchants, missionaries, monks, mendicants, and military men traveled on the vast network of Central Asian tracks that became known as the Silk Road. Whitfield recounts the lives of twelve individuals who lived at different times during this period, including two new characters: an African shipmaster and a Persian traveler and writer during the Arab caliphate. With these additional tales, Whitfield extends both geographical and chronological scope, bringing into view the maritime links across the Indian Ocean and depicting the network of north-south routes from the Baltic to the Gulf. Throughout the narrative, Whitfield conveys a strong sense of what life was like for ordinary men and women on the Silk Road, the individuals usually forgotten to history. A work of great scholarship, Life along the Silk Road continues to be extremely accessible and entertaining"--Provided by publisher. 606 $aHISTORY / Asia / General$2bisacsh 607 $aSilk Road$xHistory 607 $aSilk Road$vBiography 607 $aAsia$xHistory 610 $aafrican shipmaster. 610 $aanthropologists. 610 $aanthropology. 610 $aarab caliphate. 610 $abiography. 610 $acentral asian tracks. 610 $achronology. 610 $acontext. 610 $acultural history. 610 $ageography. 610 $aglobal trade. 610 $aglobalism. 610 $aindian ocean. 610 $amaritime link. 610 $anorth-south route. 610 $apersian traveler writer. 610 $aportrait of life. 610 $apre-modern trade routes of eurasia. 610 $aprofessors. 610 $aremnants of silk road. 610 $asilk road. 615 7$aHISTORY / Asia / General. 676 $a950 700 $aWhitfield$b Susan$f1960-$01527878 801 0$bMiAaPQ 801 1$bMiAaPQ 801 2$bMiAaPQ 906 $aBOOK 912 $a9910788053703321 996 $aLife along the Silk Road$93771163 997 $aUNINA